Lo que sabemos de música / (Record no. 3646)

MARC details
000 -LEADER
campo de control de longitud fija 00591nam a2200193 i 4500
001 - NÚMERO DE CONTROL
campo de control 3646
003 - IDENTIFICADOR DE NÚMERO DE CONTROL
campo de control ES-MaACL
005 - FECHA Y HORA DE LA ÚLTIMA TRANSACCIÓN
campo de control 20250823100549.0
008 - DATOS DE LONGITUD FIJA--INFORMACIÓN GENERAL
campo de control de longitud fija 200204s1967 sp |||| | spa d
100 1# - ENTRADA PRINCIPAL--NOMBRE DE PERSONA
Nombre de persona Pablo, Luis de,
Fechas asociadas al nombre 1930-
9 (RLIN) 88085
245 10 - MENCIÓN DEL TÍTULO
Título Lo que sabemos de música /
Mención de responsabilidad, etc. Luis de Pablo.
260 ## - PUBLICACIÓN, DISTRIBUCIÓN, ETC.
Lugar de publicación, distribución, etc. Madrid :
Nombre del editor, distribuidor, etc. Gregorio del Toro,
Fecha de publicación, distribución, etc. [1967]
300 ## - DESCRIPCIÓN FÍSICA
Extensión 98 p. :
Otras características físicas il. ;
Dimensiones 20 cm.
490 1# - MENCIÓN DE SERIE
Mención de serie Colección "Lo Que Sabemos"
650 #4 - PUNTO DE ACCESO ADICIONAL DE MATERIA--TÉRMINO DE MATERIA
Término de materia o nombre geográfico como elemento de entrada Música-
Subdivisión de forma Historia
9 (RLIN) 15391
830 0# - PUNTO DE ACCESO ADICIONAL DE SERIE-TÍTULO UNIFORME
Título uniforme Colección "Lo Que Sabemos"
9 (RLIN) 176877
852 ## - LOCALIZACIÓN
Ubicación ES-MaACL
Número de control de estantería P-1335-2
Holdings
Estatus retirado Estado de pérdida Estado de daño No para préstamo Biblioteca de origen Biblioteca actual Ubicación en estantería Fecha de adquisición Fuente de adquisición Total de préstamos Signatura topográfica completa Código de barras Visto por última vez Precio de reemplazo Tipo de ítem Koha
        Biblioteca del Ateneo de Madrid Biblioteca del Ateneo de Madrid Depósito 2 04/05/2005     P-1335-2 1201543 23/02/2023 23/02/2023 Libro impreso